Countries Tom Odell has Visited - Statistics

General Stats
  • This quiz has been taken 30 times
    9 since last reset
  • The average score is 35 of 52
Answer Stats
Continent Country % Correct
North America United States of America
100%
Oceania Australia
88%
Europe Austria
88%
North America Canada
88%
Asia China
88%
Europe Finland
88%
Europe France
88%
Europe Germany
88%
Europe Italy
88%
Asia Japan
88%
North America Mexico
88%
Europe Norway
88%
Europe Poland
88%
Asia/ Europe Russia
88%
Europe Spain
88%
Europe Sweden
88%
Europe Belgium
75%
Europe Bulgaria
75%
South America Chile
75%
Europe Greece
75%
Europe Hungary
75%
Europe Ireland
75%
Europe Netherlands
75%
Europe Portugal
75%
Asia/ Europe Turkey
75%
Europe Ukraine
75%
Europe United Kingdom
75%
Europe Czech Republic
63%
Europe Denmark
63%
Europe Estonia
63%
Europe Latvia
63%
Europe Lithuania
63%
Europe Luxembourg
63%
Africa Morocco
63%
South America Peru
63%
Europe Slovakia
63%
Europe Switzerland
63%
Europe Bosnia and Herzegovina
50%
Europe Croatia
50%
Asia Malaysia
50%
Europe Romania
50%
Europe Serbia
50%
Europe Slovenia
50%
Asia South Korea
50%
Asia Thailand
50%
Africa Tunisia
50%
Asia United Arab Emirates
50%
Asia Jordan
38%
Europe North Macedonia
38%
Asia Singapore
38%
Asia Azerbaijan
25%
Asia Georgia
25%
No matching quizzes found
Score Distribution
Percent of People with Each Score
Percentile by Number Answered
Your Score History
You have not taken this quiz since the last reset